| 000 | 00700nam a2200265Ia 4500 | ||
|---|---|---|---|
| 001 | Para_6667 | ||
| 003 | CHAP | ||
| 008 | 220125s1982 xx 000 0 und d | ||
| 010 | _a205514 | ||
| 040 | _cCHAP | ||
| 082 | _aPA 632.951 I58 | ||
| 245 |
_aInsecticide mode of action / _c ed. by Joel R. Coats |
||
| 260 |
_aNew York : _b Academic Press |
||
| 300 | _a470 p. | ||
| 650 |
_aInsecticidas _x Efectos fisiologicos _958874 |
||
| 650 |
_aPesticidas _987536 |
||
| 700 |
_aCoats, Joel R. _924139 |
||
| 901 | _aPA 632.951 I58 | ||
| 902 | _aA | ||
| 905 | _a0000001982 0000000000 00 | ||
| 910 | _a1982 | ||
| 942 | _cPARA | ||
| 942 |
_cPARA _d1 |
||
| 999 |
_c205514 _d205514 |
||